ბათუმის შოთა რუსთაველის სახელმწიფო უნივერსიტეტის ბიბლიოთეკა

La part du fils : (ბიბ.ჩანაწერი № 57172)

000 -LEADER
fixed length control field 00607cam a22002175i 4500
001 - CONTROL NUMBER
control field 21254324
003 - CONTROL NUMBER IDENTIFIER
control field GE_BSU
005 - DATE AND TIME OF LATEST TRANSACTION
control field 20221107151713.0
008 - FIXED-LENGTH DATA ELEMENTS--GENERAL INFORMATION
fixed length control field 190820t20192019fr 000 0 fre
010 ## - LIBRARY OF CONGRESS CONTROL NUMBER
LC control number 2019460481
020 ## - INTERNATIONAL STANDARD BOOK NUMBER
International Standard Book Number 9782234077195x
041 ## - LANGUAGE CODE
Language code of text/sound track or separate title geo
080 ## - UNIVERSAL DECIMAL CLASSIFICATION NUMBER
Universal Decimal Classification number 821.133.1-31 C-65
100 1# - MAIN ENTRY--PERSONAL NAME
Personal name Coatalem, Jean-Luc
Dates associated with a name
9 (RLIN) 5836
245 13 - TITLE STATEMENT
Title La part du fils :
Remainder of title roman /
Statement of responsibility, etc. Jean-Luc Coatalem.
264 #4 - PRODUCTION, PUBLICATION, DISTRIBUTION, MANUFACTURE, AND COPYRIGHT NOTICE
Date of production, publication, distribution, manufacture, or copyright notice 2019.
Place of production, publication, distribution, manufacture Paris :
Name of producer, publisher, distributor, manufacturer Stock,
300 ## - PHYSICAL DESCRIPTION
Extent 261 pages ;
Dimensions 22 cm.
653 ## - INDEX TERM--UNCONTROLLED
keyword შვილის წილი
653 ## - INDEX TERM--UNCONTROLLED
keyword ფრანგული რომანი
942 ## - ADDED ENTRY ELEMENTS (KOHA)
Source of classification or shelving scheme
Koha item type წიგნი
ეგზემპლარები
Withdrawn status Lost status Source of classification or shelving scheme Damaged status Not for loan Permanent Location Current Location Shelving location Date acquired Cost, normal purchase price Full call number Barcode Date last seen Copy number Price effective from Koha item type Public note
          ბათუმის შოთა რუსთაველის სახელმწიფო უნივერსიტეტის მთავარი ბიბლიოთეკა ბათუმის შოთა რუსთაველის სახელმწიფო უნივერსიტეტის მთავარი ბიბლიოთეკა წიგნსაცავი 2019-12-17 90.00 821.133.1-31 C-65 60297 2019-12-17 60297 2019-12-17 წიგნი 90.00
          ბათუმის შოთა რუსთაველის სახელმწიფო უნივერსიტეტის მთავარი ბიბლიოთეკა ბათუმის შოთა რუსთაველის სახელმწიფო უნივერსიტეტის მთავარი ბიბლიოთეკა წიგნსაცავი 2019-12-17 90.00 821.133.1-31 C-65 60298 2019-12-17 60298 2019-12-17 წიგნი 90.00